Movies Quiz

Random Movies or Color Quiz

Inverted Horror Movies Quiz Stats

 Plays Quiz Updated Oct 29, 2017

Also try: Behind the Horror
Challenge
Share
Tweet
Score 0/18 Timer 07:00
5 Plays Today
% Correct
Psycho
92.6%
The Exorcist
89.6%
It
88.4%
The Texas Chain Saw Massacre
87.4%
Jaws
86.2%
Scream
85.8%
Friday the 13th: A New Beginning
85.8%
The Blair Witch Project
85.3%
Poltergeist
82.3%
% Correct
Paranormal Activity
82.3%
Halloween
80.3%
The Shining
77.6%
Alien
77.2%
The Cabin in the Woods
72.2%
A Nightmare on Elm Street
66.9%
Bram Stoker's Dracula
65.1%
The Thing
39.8%
Day of the Dead
11.4%

You're not logged in!

Compare scores with friends on all Sporcle quizzes.
OR
Log In

You Might Also Like...

Show Comments

Extras

Top Quizzes Today


Score Distribution

Your Account Isn't Verified!

In order to create a playlist on Sporcle, you need to verify the email address you used during registration. Go to your Sporcle Settings to finish the process.

Report this User

Report this user for behavior that violates our Community Guidelines.

Details: